| 000 | 01787nam a2200229Ia 4500 | ||
|---|---|---|---|
| 008 | 260220t2000||||xx |||||||||||||| ||spa|| | ||
| 040 |
_aPY-SlUNAC _bspa _erda |
||
| 041 | _aspa | ||
| 082 |
_a581.098 92 _bP964p |
||
| 245 | 0 | _aPrograma de apoyo a iniciativas privadas de conservación | |
| 264 |
_aAsunción : _bFundación Moisés Bertoni, _c℗2000. |
||
| 300 | _a1 volumen | ||
| 520 | _aEl libro "Programa de apoyo a iniciativas privadas de conservación" publicado por la Fundación Moisés Bertoni en Asunción en el año 2000, presenta un enfoque integral sobre la conservación del medio ambiente mediante el fomento de iniciativas privadas. A través de diversas estrategias, se busca incentivar la participación activa de individuos y organizaciones en la protección de ecosistemas vulnerables. El texto argumenta que la colaboración entre el sector privado y las comunidades locales es fundamental para lograr un desarrollo sostenible y efectivo. Se analizan casos de éxito, donde las iniciativas privadas no solo favorecieron la conservación de la biodiversidad, sino que también promovieron el bienestar económico de las comunidades involucradas. Además, se discuten los desafíos que enfrentan estas iniciativas, incluyendo la falta de financiamiento y el desconocimiento de la importancia de la conservación. En conjunto, el libro se erige como una guía práctica que resalta la importancia de la colaboración multisectorial en la lucha por la sostenibilidad ambiental. | ||
| 653 | _aConservación de la naturaleza | ||
| 653 | _aDesarrollo sostenible | ||
| 653 | _aIniciativas privadas | ||
| 942 |
_b2026/02/17 _cBK |
||
| 999 |
_c8267 _d8267 |
||